Statistiques concernant Les 5 plus grandes îles de 10 pays

Cliquez ici pour prendre le quiz!

Statistiques générales

  • Ce quiz a été pris 66 fois
  • Le résultat moyen est 17 sur 50

Statistiques - réponses

PaysÎles% Correct
FranceCorse
97%
FranceLa Réunion
78%
ItalieSardaigne
74%
ItalieSicile
74%
GrèceCrète
71%
EspagneMajorque
67%
IndonésieJava
66%
FranceGrande Terre (Nouvelle Calédonie)
60%
IndonésieBornéo
57%
IndonésieSumatra
57%
JaponHokkaido
53%
Royaume-UniIrlande
52%
Papouasie - Nouvelle GuinéeNouvelle Irlande
52%
JaponHonshu
50%
Royaume-UniGrande Bretagne
48%
EspagneGrande Canarie
48%
EspagneTenerife
47%
GrèceRhodes
43%
Papouasie - Nouvelle GuinéeNouvelle Guinée
41%
IndonésieNouvelle Guinée
41%
Papouasie - Nouvelle GuinéeNouvelle Bretagne
38%
JaponKyushu
36%
PhilippinesLuçon
33%
GrèceLesbos
29%
JaponOkinawa
29%
JaponShikoku
29%
ItalieElbe
28%
EspagneLanzarote
28%
CanadaBaffin
26%
FranceGrande Terre (Kerguelen)
26%
IndonésieCélèbes
22%
CanadaTerre Neuve
22%
CanadaVictoria
21%
CanadaEllesmere
19%
GrèceEubée
19%
PhilippinesMindanao
19%
EspagneFuerteventura
16%
PhilippinesPalawan
14%
GrèceChios
12%
CanadaBanks
9%
Papouasie - Nouvelle GuinéeBougainville
9%
Royaume-UniGrande Malouine
5%
FranceLifou (Loyauté)
5%
Royaume-UniMalouine orientale
5%
PhilippinesNegros
5%
ItaliePantelleria
3%
PhilippinesSamar
3%
Royaume-UniGéorgie du Sud
2%
Papouasie - Nouvelle GuinéeManus
2%
ItalieSant'Antioco
2%

Distribution des résultats

Percentile par nombre de réponses

% des personnes avec chaque résultat

Votre développement - résultats

Vous n’avez pas pris ce quiz